00898 2200193 4500001002100000005001500021035002000036245005000056100001800106250001700124300003200141260003800173082000800211084001400219020002200233650002100255520041500276500001300691INLIS00000000000081820241113084953 a0010-11240000411 aEnsiklopedia IPA SD :bHewan /cDjoko Santoso0 aDjoko Santoso aCetakan Ke-1 aii, 32 hlm :bIlus ;c32 cm aPurwokerto :bGaneca Exact,c2006 a503 a503 DJO e a978-979-744-689-1 4aEnsiklopedia IPA aHewan merupakan makhluk hidup yang banyak dikenal oleh anak-anak. Di rumah sering dipelihara kucing, burung, kelinci, atau ikan. Anak-anak juga sering makan daging hewan ternak. Misalnya, daging sapi, ayam, kambing, atau bebek. Pada buku ini, para siswa dikenalkan dengan banyak sekali jenis binatang yang ada di dunia ini. Tujuannya adalah agar wawasan para siswa mengenai hewan menjadi semakin luas dan kaya. aSeri IPA